| 000 | 01128cam a2200337Ia 4500 | ||
|---|---|---|---|
| 001 | 60142 | ||
| 005 | 20230410115855.0 | ||
| 008 | 030324s2002 ag b 000 0 spa d | ||
| 035 | _a(OCoLC)ocm51905795 | ||
| 040 |
_aU@S _bspa _cU@S _dIXA _dOCLCQ _dOCL _dBAKER _dBTCTA |
||
| 020 | _a9505575297 | ||
| 020 | _a9789505575299 | ||
| 035 | _a(OCoLC)51905795 | ||
| 043 | _acl----- | ||
| 050 | 1 | 4 |
_aHN110.5.A8 _bS894v 2002 |
| 100 | 1 | _aStrasser, Carlos. | |
| 245 | 1 | 3 |
_aLa vida en la sociedad contemporánea : _buna mirada política / _cCarlos Strasser. |
| 250 | _a1a ed. | ||
| 260 |
_aBuenos Aires : _bFondo de Cultura Económica, _c2002. |
||
| 300 |
_a206 p. ; _c23 cm. |
||
| 440 | 0 | _aSección de Obras de política y derecho | |
| 504 | _aIncludes bibliographical references. | ||
| 651 | 0 |
_aLatin America _xPolitics and government. |
|
| 650 | 0 |
_aQuality of life _zLatin America. |
|
| 650 | 0 |
_aRisk _xSociological aspects. |
|
| 938 |
_aBaker & Taylor _bBKTY _c12.95 _d9.71 _i9505575297 _n0006112030 _sactive |
||
| 938 |
_aBaker and Taylor _bBTCP _nBK0006112030 |
||
| 942 |
_2lcc _cbk |
||
| 994 |
_aC0 _bDRFGD |
||
| 946 | _aLspaulino | ||
| 999 |
_c49612 _d49612 |
||